Tous les lieux d'Elden Ring - Statistiques

Statistiques générales
  • Ce quiz a été pris 118 fois
  • Le résultat moyen est 25 sur 224
Statistiques - réponses
Hint Réponse % Correct
Région Nécrolimbe
88%
Région Caelid
80%
Région La Siofra
50%
Région Plateau Altus
48%
Région Péninsule larmoyante
41%
Région Mont Gelmir
39%
Région Liurnia, contrée lacustre
38%
Donjon Manoir du volcan
36%
Donjon Académie de Raya Lucaria
34%
Donjon Château de Voilorage
34%
Région Cimes des Géants
34%
Donjon Leyndell, capitale royale
33%
Tour divine Tour divine de Caelid
30%
Donjon Arbre-Sacré de Miquella
28%
Donjon Ruines de Farum Azula
28%
Tour divine Tour divine de Nécrolimbe
28%
Donjon Leyndell, capitale des cendres
27%
Donjon Manoir de Caria
27%
Tour divine Tour divine de Liurnia
25%
Région Valorage
25%
Région Champs enneigés consacrés
23%
Région L'Ainsel
23%
Région Profondeurs de Fonderacine
23%
Région Tertre draconique de Greyoll
23%
Donjon Château du Lion rouge
22%
Église Église d'Elleh
22%
Fort Fort Faroth
22%
Fort Fort Haight
22%
Tour divine Tour divine d'Altus-Est
22%
Église Troisième église de Marika
22%
Cabane Cabane de l'artiste
20%
Donjon Château de Vent-Hurlant
20%
Église Deuxième église de Marika
20%
Fort Fort Gael
20%
Région Lac Putréfié
20%
Région Palais Mohgwyn
20%
Église Première église de Marika
20%
Donjon Solcastel
20%
Tour divine Tour divine d'Altus-Ouest
20%
Église Quatrième église de Marika
19%
Tour divine Tour divine isolée
19%
Donjon Elphael, corset de l'Arbre-Sacré
17%
Lieu remarquable Forge des Géants
17%
Donjon Le Bastiombre
17%
Cabane Cabane du maître de guerre
16%
Catacombes Catacombes des Couteaux noirs
14%
Lieu remarquable Chapelle de l'Anticipation
14%
Église Église de la rose
14%
Église Église des vœux
14%
Geôle éternelle Geôle éternelle du limier esseulé
14%
Lieu remarquable Les Quatre beffrois
14%
Village Nokron, la Ville éternelle
14%
Village Ordina, cité liturgique
14%
Tour de pierre d'éclat Tour de Ranni
14%
Église Église de la communion draconique
13%
Galerie Galeries de Nécrolimbe
13%
Geôle éternelle Geôle éternelle du Coucou
13%
Région Marais d'Ivoine
13%
Lieu remarquable Sanctuaire bestial
13%
Village Sellia, cité de la sorcellerie
13%
Tour de pierre d'éclat Tour de Renna
13%
Tour de pierre d'éclat Tour de Seluvis
13%
Tour de guet Tour du retour
13%
Village Village des Albinauriques
13%
Catacombes Catacombes des eaux noires
11%
Église Cathédrale de la communion draconique
11%
Région Faubourgs de la capitale
11%
Geôle éternelle Geôle éternelle de Valorage
11%
Geôle éternelle Geôle éternelle du prétendant
11%
Ouvrage d'art Grand Ascenseur de Dectus
11%
Donjon Grand cloître
11%
Village Nokstella, la Ville éternelle
11%
Ruines Ruines calcinées par un dragon
11%
Ruines Ruines de Zamor
11%
Tombe Tombe des héros des confins
11%
Village Village dément
11%
Cabane Cabane du marchand ascétique
9%
Lieu remarquable Cathédrale de Manus Celes
9%
Village Dominula, village aux moulins
9%
Galerie Galerie de Gael
9%
Galerie Galerie de Vent-Hurlant
9%
Geôle éternelle Geôle éternelle de la lignée dorée
9%
Geôle éternelle Geôle éternelle du scélérat
9%
Ouvrage d'art Grand Ascenseur de Rold
9%
Grotte Grotte du bosquet
9%
Village Jarrebourg
9%
Région Pic de la Flamme
9%
Donjon Prison souterraine des parias
9%
Ruines Ruines de Caelem
9%
Donjon Ruines des falaises
9%
Tombe Tombe des héros d'Auriza
9%
Tombe Tombe des héros de Gelmir
9%
Région Autel lunaire
8%
Cabane Cabane de Valorage
8%
Catacombes Catacombes de l'empaleur
8%
Catacombes Catacombes de Leyndell
8%
Grotte Cavernes des eaux noires
8%
Grotte Cavernes du Val-aux-Tombes
8%
Lieu remarquable Colisée de Nécrolimbe
8%
Ruines Domaine de Sacrecorne
8%
Région Dunes gémissantes
8%
Église Église de la putréfaction
8%
Église Église martiale
8%
Fort Fort Laiedd
8%
Galerie Galerie cristalline de Raya Lucaria
8%
Galerie Galerie cristalline de Sellia
8%
Galerie Galerie d'anis jaune
8%
Fort Garnison des gardiens
8%
Geôle éternelle Geôle éternelle de la meneuse des Couteaux noirs
8%
Grotte Grotte marine
8%
Ouvrage d'art Portorage
8%
Ouvrage d'art Puits de l'Ainsel
8%
Ouvrage d'art Puits de la Siofra
8%
Ruines Relais en ruines
8%
Ruines Ruines de Lux
8%
Ruines Ruines des Parfumeurs
8%
Ruines Ruines du palais d'Uhl
8%
Ruines Ruines du palais d'Uld
8%
Donjon Salle d'étude de Caria
8%
Village Sanctuaire de la nuit
8%
Région Terres interdites
8%
Catacombes Tombe auxiliaire d'Auriza
8%
Tour de guet Tour de la Flamme exaltée
8%
Tour de pierre d'éclat Tour du prosélyte
8%
Galerie Vieille galerie d'Altus
8%
Village Village aux portes de l'Académie
8%
Village Village de la Flamme exaltée
8%
Village Aqueduc de Siofra
6%
Cabane Cabane aux crevettes bouillies
6%
Cabane Cabane de l'ermite
6%
Cabane Cabane du vengeur
6%
Catacombes Catacombes du Val-aux-Tombes
6%
Grotte Cavernes aux eaux ignées
6%
Catacombes Chemin secret vers l'Arbre-Sacré
6%
Grotte Cimetière abandonné
6%
Église Église de l'Arbre-Monde mineur
6%
Église Église des pèlerins
6%
Église Église incandescente
6%
Tour de pierre d'éclat Flèche du prosélyte
6%
Galerie Galerie d'Altus
6%
Geôle éternelle Geôle éternelle de Sellia
6%
Geôle éternelle Geôle éternelle des lamentations
6%
Grotte Grotte des parias
6%
Grotte Grotte du mande-esprit
6%
Ouvrage d'art Pont du sacrifice
6%
Village Quartier du temple
6%
Ruines Ruines d'anis jaune
6%
Ruines Ruines de la porte
6%
Ruines Ruines de Laskyar
6%
Ruines Ruines des Sylvains
6%
Ruines Ruines du Trépas-des-Sorcières
6%
Ruines Ruines du Val-aux-Tombes
6%
Ruines Ruines Grouille-Sang
6%
Tour de pierre d'éclat Tour de Lenne
6%
Ruines Village des Eaux nécromantes
6%
Grotte Antre de Sellia
5%
Cabane Cabane de l'artisan
5%
Cabane Cabane du fier ascète
5%
Cabane Cabane du marchand ermite
5%
Cabane Cabane du putréfié
5%
Catacombes Catacombes de Caelid
5%
Catacombes Catacombes de l'impasse
5%
Catacombes Catacombes des aberrations
5%
Catacombes Catacombes des Cimes des Géants
5%
Catacombes Catacombes de Wyndham
5%
Grotte Cavernes aux geôles
5%
Grotte Cavernes de la Chaussée royale
5%
Grotte Cavernes du sage
5%
Grotte Cavernes insondables
5%
Église Chapelle de mande-orage
5%
Région Chaussée martiale
5%
Lieu remarquable Colisée royal
5%
Catacombes Crypte des Champs enneigés consacrés
5%
Église Église baptismale de Callu
5%
Église Église d'Irith
5%
Église Église du repos
5%
Grotte Grotte aux eaux stagnantes
5%
Grotte Grotte cristalline de l'Académie
5%
Grotte Grotte cristalline du lac
5%
Grotte Grotte du Parfumeur
5%
Grotte Grotte volcanique
5%
Donjon Mausolée de la dynastie Mohgwyn
5%
Lieu remarquable Pâturage du village aux moulins
5%
Lieu remarquable Pâturage occidental
5%
Lieu remarquable Pâturage oriental
5%
Ouvrage d'art Portail de Sellia
5%
Ouvrage d'art Puits profond de la rivière Ainsel
5%
Ouvrage d'art Puits profond de la rivière Siofra
5%
Ruines Ruines abandonnées
5%
Ruines Ruines de la rue des sages
5%
Ruines Ruines des Séléniens
5%
Ruines Ruines de Wyndham
5%
Ruines Ruines du Domaine lunaire
5%
Ruines Ruines du domaine royal
5%
Tombe Tombe des pourfendeurs de Géants
5%
Tombe Tombe du héros canonisé
5%
Tour de guet Tour de guet de la chaussée
5%
Tour de guet Tour de guet des bois
5%
Tour de pierre d'éclat Tour de Testu
5%
Tour de pierre d'éclat Tour d'Oridys
5%
Tour de pierre d'éclat Tour hérétique
5%
Tour de pierre d'éclat Tour illusoire
5%
Ruines Bâtisse abandonnée des Bois brumeux
3%
Cabane Cabane de Gowry
3%
Catacombes Catacombes de l'Arbre-Monde mineur
3%
Catacombes Catacombes des défunts valeureux
3%
Catacombes Catacombes funestes
3%
Catacombes Catacombes orageuses
3%
Grotte Cavernes du Tertre draconique
3%
Cabane Dernier refuge du loup
3%
Église Église de l'inhibition
3%
Galerie Galerie scellée
3%
Geôle éternelle Geôle éternelle de la tombe royale
3%
Ruines Relais en ruines de Caelid
3%
Église Ruines cléricales
3%
Ruines Ruines de l'observatoire céleste
3%
Ruines Ruines purifiées
3%
Ruines Ruines sylvestres des semi-humains
3%
Tour de pierre d'éclat Tour de Chelona
3%
Tour de guet Tour de guet du marais
3%
Village Village des ermites
3%
Catacombes Catacombes au pied des falaises
2%
Grotte Grotte désertée
2%
Cabane Cabane fétide
0%
Aucun quiz correspondant
Distribution des résultats
% des personnes avec chaque résultat
Percentile par nombre de réponses
Votre historique - résultats
Vous n’avez pas pris ce quiz